| 000 -CABECERA |
| fixed length control field |
01130nam a22002057a 4500 |
| 003 - IDENTIFICADOR DEL NÚMERO DE CONTROL |
| control field |
AR-CdUCM |
| 008 - DATOS DE LONGITUD FIJA--INFORMACIÓN GENERAL |
| fixed length control field |
190319b ||||| |||| 00| 0 spa d |
| 040 ## - FUENTE DE LA CATALOGACIÓN |
| Agencia/entidad que catalogó originalmente la obra |
MUNICIPALIDAD PROVINCIAL DEL CUSCO |
| Entidad que transcribió la catalogación |
BIBLIOTECA MUNICIPAL DEL CUSCO |
| 082 ## - NÚMERO DE LA CLASIFICACIÓN DECIMAL DEWEY |
| No. de Clasificación |
621.385 / |
| Notacion interna |
T17 |
| 100 ## - ENTRADA PRINCIPAL--NOMBRE DE PERSONA |
| Nombre Personal |
Talley ,David |
| 245 ## - MENCIÓN DE TÍTULO |
| Título |
Curso Basico de Sistemas Conmutadores Telefonicos / |
| 260 ## - PUBLICACIÓN, DISTRIBUCIÓN, ETC. |
| Lugar de publicación, distribución, etc. |
México : |
| Nombre de la editorial, distribuidor, etc. |
GLEM S.A , |
| Fecha de publicación, distribución, etc. |
1974. |
| 300 ## - DESCRIPCIÓN FÍSICA |
| Nº de Páginas Extensión |
193 páginas ; |
| Dimensiones |
23.2 cm. |
| 505 ## - NOTA DE CONTENIDO CON FORMATO |
| Nota de contenido formateada |
Contenido : Abonado circuito de linea de señalizacion del transmisor de relay de linea de alarmas primarias y secundarias -- Alimentacionm fuentes de alternador de tonos -- Ancho de Banda -- Aparato Telefonico -- Aparicion -- Atenuacion -- Bateria Central -- Bateria Comun -- Bateria de conversacion -- Bateria de resistencia negativa -- Bateria Inversa -- Bateria- Tierra, señalizacion por bobina de induccion -- Bobina de retardo -- Bobina repetidora -- Cable de conexion volante... |
| 650 ## - PUNTO DE ACCESO ADICIONAL DE MATERIA--TÉRMINO DE MATERIA |
| Descriptor |
Sistemas Electronicos |
| 9 (RLIN) |
19298 |
| 650 ## - PUNTO DE ACCESO ADICIONAL DE MATERIA--TÉRMINO DE MATERIA |
| Descriptor |
Conmutadores y sistemas electricos |
| 9 (RLIN) |
19299 |
| 650 ## - PUNTO DE ACCESO ADICIONAL DE MATERIA--TÉRMINO DE MATERIA |
| Descriptor |
Sistemas Telefonicos |
| 9 (RLIN) |
19300 |
| 942 ## - ELEMENTOS DE PUNTO DE ACCESO ADICIONAL (KOHA) |
| Fuente de clasificación |
|
| Tipo de item |
Libros-BMC |
| 945 ## - PROCESAMIENTO DE INFORMACIÓN LOCAL (OCLC) |
| Catalogador |
rtm |